00731nam a2200205Ia 4500001001000000003000500010008004100015010001100056040000900067082001900076100001700095245011900112260004900231300001300280440001800293500004600311650009700357700002800454710004300482Para_8152CHAP220125s1910 xx 000 0 und d a207064 cCHAP aPA-C 595.75 H4 aSymons, T.B. aSpraying fumigating and dipping for the control of San José Scale /c by T.B. Simons, C.M. Peairs and E.N. Cory aMaryland :b Agricultural Experiment Station a48-81 p. aHemiptera; 15 aEncuadernado con otros impresos similares ax Hemípteros x colecciones de escritos x Aspidiotus x Contros biológico de insectos  aPears, L.M., Cory, E.N. aMaryland. Agr. Exp. Sta. Bulletin; 198